| 000 | 00702nam a2200229 i 4500 | ||
|---|---|---|---|
| 001 | bg | ||
| 100 | 1 | _aOLEJNIK, Roman Marcin | |
| 245 | 1 | 0 |
_aĆwiczenia z logiki praktycznej : _bzbiór zadań dla studentów zarządzania i marketingu / _cRoman M. Olejnik ; Politechnika Częstochowska. |
| 260 |
_aCzęstochowa : _bWydaw. PC, _c1998. |
||
| 300 |
_a107 s. : _brys. ; _c24 cm. |
||
| 504 | _aBibliogr. s. 106-107. | ||
| 650 | 9 | _aLogika | |
| 655 | _aĆwiczenia i zadania | ||
| 710 | 0 | _aPolitechnika Częstochowska | |
| 020 | _a837193047X | ||
| 040 | _cBPK | ||
| 041 | 0 | _apl | |
| 080 | _a161/164(075.8)(076) | ||
| 920 | _a83-7193-047-X | ||
| 942 | _cKS | ||
| 008 | s pl f |000 0 pol | ||
| 999 |
_c37822 _d37822 |
||
| 856 |
_uhttp://koha.tu.koszalin.pl/cgi-bin/koha/opac-detail.pl?biblionumber=37822 _yKatalog online BPK |
||